000 00677nam a2200289Ia 4500
005 20260324113440.0
008 008 260324s9999 xx 000 0 eng d
020 _a9781032633909
037 _aEBOOK
040 _aCRL
040 _beng
040 _cCRL
041 _2eng
041 _aeng
084 _qCRL
100 _aPeu Ghosh
_91146817
245 0 _aInternational Political Economy
245 0 _bContexts, Issues and Challenges
260 _bTaylor and Francis
260 _c2023
365 _a
365 _b230
856 _uhttp://www.taylorfrancis.com/books/9781032633909
942 _cEBOOK
999 _c1736467
_d1736467